00967 2200313 4500001002100000005001500021035002000036007000300056008004100059020002200100040002200122082001400144084001600158090002200174100003300196245011200229250002800341300004100369650001900410700002700429850001200456504003300468264003400501336002100535337003000556338002300586999002200609990002200631INLIS00000000089127820241121095039 a0010-1124000240ta241121s2024 yoia g ind d a978-623-261-833-6 aYOPDYOGbinderda04223a324.6 a324.6 JUN t aCB-D.11 2024-33701 aJunaedi Karso, A.ePengarang10aTunaikan pilkada serentak 2024 dengan santun, riang nan gembira /cA. Junaedi Karso; penyunting, Hanita Ayu aCetakan I, Oktober 2024 aviii, 236 halaman :bgambar ;c23 cm 4aPemilihan umum0 aHanita AyuePenyunting aYOPDYOG aBibliografi: halaman 221-23231aBantul :bSamudra Biru,c2024 2rdacontentateks 2rdamediaatanpa perantara 2rdacarrieravolume aCB-D.11/2024-3370 aCB-D.11/2024-3370